Responses for Show #5071 - Monday, October 2, 2006

2006 Back to School Week game 1.

Contestants

[<< previous game]

Emily Love, from Overland Park, Kansas

Tommy Hoyt, from Winnetka, Illinois

Dianisbeth Acquie, from Brooklyn, New York

[next game >>]

Jeopardy! Round responses

KID LIT
DISNEY CHANNEL
NUMBER, PLEASE
JEWELRY
(Alex: This is a little odd for kids...)
BEEKEEPING
COLORFUL LANGUAGE
    $200 6
Narnia

Dianisbeth
    $200 1
The Cheetah Girls

Dianisbeth
    $200 12
60

Emily
    $200 13
a ring

Tommy
    $200 19
a swarm

Dianisbeth
    $200 11
the yellow pages

Dianisbeth
    $400 7
Encyclopedia Brown

Emily
    $400 2
High School Musical

Tommy
    $400 23
6

Tommy
    $400 16
an earring

Dianisbeth
    $400 20
worker bees

Dianisbeth
    $400 14
a black belt

Dianisbeth
    $600 8
Harriet the Spy

Tommy
    $600 3
The Suite Life of Zack & Cody

Dianisbeth
    $600 24
(Tommy: What is 1800?)

800

TommyEmily
    $600 25
(Dianisbeth: What is amber?)

pearls

DianisbethEmily
    $600 21
nectar

Tommy
    $600 15
a greyhound

Tommy
    $800 9
(Tommy: Um... I don't know.)
(Alex: What is [*]?)
(Tommy: Garden.)
(Alex: [*]. We went more classical this time with the clue.)

the Secret Garden

Tommy
    $800 4
Hannah Montana

Tommy
    $800 27
"The 12 Days of Christmas"

Dianisbeth
    $800 26
an emerald

Emily
    $800 22
(Dianisbeth: What is a cone?)
(Tommy: What is honeycomb?)

beeswax

DianisbethTommy
Triple Stumper
    $800 17
redwood

Tommy
    $1000 10
(Alex: We went even more classical with that one. That's [*]. [*].)

Kim

Triple Stumper
    $1000 5
Wendy Wu

Dianisbeth
    $1000 28
42

Dianisbeth
    $1000 29
[The end-of-round signal sounds.]

a locket

Tommy
    $1000 18
Green Berets

Tommy

Scores at the first commercial break (after clue 12):

Dianisbeth Tommy Emily
$2,200 $1,000 $600

Scores at the end of the Jeopardy! Round:

Dianisbeth Tommy Emily
$4,000 $4,200 $2,600

Double Jeopardy! Round responses

OUR FOUNDING FATHERS
ANIMATED MOVIES
NAME THAT COUNTRY
I'M BORED
SNACK ATTACK
"Y" END IT?
    $400 2
Thomas Jefferson

Tommy
    $400 6
Over the Hedge

Emily
    $400 19
Italy

Tommy
    $400 24
(Dianisbeth: What are onions?)

cabbage

Dianisbeth
Triple Stumper
    $400 17
marshmallow

Tommy
    $400 14
a diary

Tommy
    $800 3
John Paul Jones

Tommy
    $800 1
Monster House

Tommy
    $800 20
Cuba

Tommy
    $800 27
NASA

Tommy
    $800 11
Go-Gurt

Tommy
    $800 15
a balcony

Emily
    $1200 4
Benjamin Franklin

Emily
    $1200 5
The Ant Bully

Tommy
    $1200 21
Russia

Emily
    $1200 29
Ecuador

Tommy
    $1200 12
Jell-O

Tommy
    $1200 18
(Dianisbeth: What is Palm Sunday?)

the Trinity

Dianisbeth
Triple Stumper
    $2,000 9
Paul Revere

Tommy
    $1600 8
The Land Before Time

Tommy
    $1600 22
South Africa

Tommy
    $1600 30
A Wrinkle in Time

Tommy
    $1600 13
(Dianisbeth: What are Lay's?)

Doritos

DianisbethTommy
    $1600 25
volley

Triple Stumper
    $2000 10
(Tommy: Who is Andrew Jackson?)
...
(Alex: Yes, the $10, not the $20 bill.)

Alexander Hamilton

TommyEmily
    $2000 7
(Dianisbeth: What is Madagascar?)
(Tommy: What is The Wild?)

The Wild Thornberrys

DianisbethTommy
Triple Stumper
    $4,000 23
Argentina

Tommy
    $2000 28
stamps

Triple Stumper
    $2000 16
(Emily: What is popcorn?)

Corn Nuts

Emily
Triple Stumper
    $2000 26
harmony

Emily

Scores at the end of the Double Jeopardy! Round:

Dianisbeth Tommy Emily
-$1,200 $21,800 $8,200
(lock game)

[wagering suggestions for these scores]

Final Jeopardy! Round responses

RECENT EVENTS
EmilyWhat is Pluto
$8,200
TommyWhat is Pluto?
$4,500
Pluto

Final scores:

Dianisbeth Tommy Emily
-$1,200 $26,300 $16,400
3rd place: $1,000 Winner: $26,300 2nd place: $2,000

Game dynamics:

Coryat scores:

Dianisbeth Tommy Emily
-$1,200 $20,200 $8,200
11 R,
6 W
28 R
(including 2 DDs),
5 W
(including 1 DD)
11 R,
1 W

Combined Coryat: $27,200

[game clues] [game scores] [suggest correction]

Game tape date: 2006-08-30
The J! Archive is created by fans, for fans. Scraping, republication, monetization, and malicious use prohibited; this site may use cookies and collect identifying information. See terms. The Jeopardy! game show and all elements thereof, including but not limited to copyright and trademark thereto, are the property of Jeopardy Productions, Inc. and are protected under law. This website is not affiliated with, sponsored by, or operated by Jeopardy Productions, Inc. Join the discussion at JBoard.tv.